Statistiques concernant Paroles - Le Bal des Laze - Michel Polnareff

Cliquez ici pour prendre le quiz!

Statistiques générales

  • Ce quiz a été pris 55 fois
  • Le résultat moyen est 170 sur 210

Statistiques - réponses

Réponse% Correct
Je
100%
je
100%
le
100%
de
98%
la
98%
Laze
98%
Dans
96%
dans
96%
Et
96%
et
96%
les
96%
A
94%
bal
94%
Ma
94%
ma
94%
que
94%
ce
92%
ne
92%
pas
92%
pour
92%
sera
92%
château
90%
demain
90%
grand
90%
matin
90%
pendu
90%
serai
90%
son
90%
plus
88%
un
88%
fiancé
85%
moi
85%
Moi
85%
ça
83%
danser
83%
du
83%
jour
83%
l'on
83%
vie
83%
au
81%
On
81%
une
81%
me
79%
va
79%
regardais
77%
bien
75%
faite
75%
Jane
75%
l'amour
75%
Mais
75%
poings
75%
qu'elle
75%
serrais
75%
suis
75%
Tout
75%
châteaux
73%
est
73%
fera
73%
fête
73%
Londres
73%
lui
73%
n'était
73%
faisait
71%
jardin
71%
loin
71%
Lord
71%
71%
soir
71%
aimait
69%
Car
69%
crois
69%
journaux
69%
Lady
69%
lignes
69%
peu
69%
quatre
69%
fou
67%
monde
67%
ans
65%
qu'un
65%
vingt
65%
autre
63%
celui-là
63%
dernière
63%
fille
63%
Caché
60%
donnait
60%
donner
60%
assassin
58%
n'pourrai
58%
toise
58%
vulgaire
58%
aura
56%
Diamants
56%
indigne
56%
longues
56%
recevaient
56%
robes
56%
rubis
56%
supprimer
56%
topazes
56%
tranquille
56%
vagabond
56%
blanches
54%
haine
54%
l'heure
54%
peine
54%
arrivé
52%
avaient
52%
crevais
52%
juin
52%
phrase
52%
qu'on
52%
Dommage
48%
peut-être
48%
plaigne
48%
m'écrase
46%
reçu
44%
Reine
44%
Puisqu'on
42%

Distribution des résultats

Percentile par nombre de réponses

% des personnes avec chaque résultat

Votre développement - résultats

Vous n’avez pas pris ce quiz